George Bernard Shaw, his life and works : a criticial biography (authorized) /

Guardat en:
Dades bibliogràfiques
Autor principal: Henderson, Archibald, 1877-1963
Format: Llibre
Publicat: London : Hurst & Blackett, 1911.
Matèries:
LEADER 00894nam a2200217 i 4500
001 c000048529
003 CARM
005 00000000000000.0
008 830225s1911 0 d
019 1 |a 2547544  |5 LACONCORD2021 
035 |a (OCoLC)19038288  |5 LACONCORD2021 
100 1 |a Henderson, Archibald,  |d 1877-1963. 
245 1 0 |a George Bernard Shaw, his life and works :  |b a criticial biography (authorized) /  |c by Archibald Henderson. 
260 |a London :  |b Hurst & Blackett,  |c 1911. 
300 |a 503p. :  |b ill. 
600 1 0 |a Shaw, Bernard,  |d 1856-1950  |x Biography. 
600 1 0 |a Shaw, Bernard,  |d 1856-1950  |x Criticism and interpretation. 
852 8 |b CARM  |h A2:AB05A0  |i B02320  |p 0097190  |f BK 
082 0 |a 822.912 
999 f f |i 716574a6-9f75-5707-bb8c-6bf50158fc8f  |s d25e1321-6448-5217-9dd9-f8c701f4cdac 
952 f f |p Can circulate  |a CAVAL  |b CAVAL  |c CAVAL  |d CARM 1 Store  |e B02320  |f A2:AB05A0  |h Other scheme  |i book  |m 0097190